Novelizácie daňových zákonov

Pokračovanie článku z HN č. 106/03 o novelizácii zákona o DPH. Konkrétny príklad pre vrátenie nadmerného odpočtu dane z pridanej hodnoty pri nákupe hmotného majetku. Stanovenie hranice pre vrátenie nadmerného odpočtu DPH od 1.1.2003.

Gespeichert in:
Bibliographische Detailangaben
1. Verfasser: Dobšovič, Dušan
Format: Buchkapitel
Sprache:Slowakisch
Schlagworte:
Tags: Tag hinzufügen
Keine Tags, Fügen Sie das erste Tag hinzu!

MARC

LEADER 00000naa a2200000 4500
001 r049002
005 20230925124532.3
041 0 |a slo 
044 |a SK 
245 1 0 |a Novelizácie daňových zákonov  |c Dušan Dobšovič 
520 |a Pokračovanie článku z HN č. 106/03 o novelizácii zákona o DPH. Konkrétny príklad pre vrátenie nadmerného odpočtu dane z pridanej hodnoty pri nákupe hmotného majetku. Stanovenie hranice pre vrátenie nadmerného odpočtu DPH od 1.1.2003. 
610 2 0 |a dane z hodnoty pridanej 
610 2 0 |a odpočet dane 
610 2 0 |a novelizácia 
610 2 0 |a úpravy právne 
610 2 0 |a majetok hmotný 
100 1 |a Dobšovič, Dušan